Program Európskej únie Phare

Vznik a ciele programu Phare. Predpoklady poskytnutia prostriedkov EÚ prostredníctvom programu Phare.

Salvato in:
Dettagli Bibliografici
Autore principale: Čunderlíková, Monika
Natura: Capitolo di libro
Lingua:slovacco
Soggetti:
Tags: Aggiungi Tag
Nessun Tag, puoi essere il primo ad aggiungerne!!

MARC

LEADER 00000naa$a2200000$$$4500
001 0053020
005 20231116083409.6
041 0 |a slo 
044 |a SK 
245 1 0 |a Program Európskej únie Phare  |c Monika Čunderlíková 
520 |a Vznik a ciele programu Phare. Predpoklady poskytnutia prostriedkov EÚ prostredníctvom programu Phare. 
610 2 0 |a Slovensko 
610 2 0 |a projekty medzinárodné 
610 2 0 |a spolupráca hospodárska medzinárodná 
610 2 0 |a Phare 
610 2 0 |a Európska únia 
610 2 0 |a zdroje finančné 
100 1 |a Čunderlíková, Monika